<?xml version="1.0" encoding="UTF-8"?>
<record
    xmlns:xsi="http://www.w3.org/2001/XMLSchema-instance"
    xsi:schemaLocation="http://www.loc.gov/MARC21/slim http://www.loc.gov/standards/marcxml/schema/MARC21slim.xsd"
    xmlns="http://www.loc.gov/MARC21/slim">

  <leader>01219nam a2200325Ia 4500</leader>
  <controlfield tag="005">20170606121130.0</controlfield>
  <datafield tag="010" ind1=" " ind2=" ">
    <subfield code="a">BAC-EN21    ENG-111822</subfield>
  </datafield>
  <datafield tag="020" ind1=" " ind2=" ">
    <subfield code="a">9788126519262</subfield>
    <subfield code="c">639.00</subfield>
  </datafield>
  <datafield tag="020" ind1=" " ind2=" ">
    <subfield code="a">9788126519262</subfield>
    <subfield code="c">719.00 (AV)</subfield>
  </datafield>
  <datafield tag="035" ind1=" " ind2=" ">
    <subfield code="a">EN-95354</subfield>
  </datafield>
  <datafield tag="035" ind1=" " ind2=" ">
    <subfield code="a">B-584218-243</subfield>
  </datafield>
  <datafield tag="035" ind1=" " ind2=" ">
    <subfield code="a">B-669642</subfield>
  </datafield>
  <datafield tag="037" ind1=" " ind2=" ">
    <subfield code="b">Asian Book Centre/Ven</subfield>
    <subfield code="a">dpl</subfield>
  </datafield>
  <datafield tag="037" ind1=" " ind2=" ">
    <subfield code="b">DBAD/PUB</subfield>
  </datafield>
  <datafield tag="082" ind1=" " ind2=" ">
    <subfield code="a">519.2</subfield>
  </datafield>
  <datafield tag="100" ind1=" " ind2=" ">
    <subfield code="a">Rohatgi, Vijay K.</subfield>
  </datafield>
  <datafield tag="245" ind1=" " ind2=" ">
    <subfield code="a">An introduction to probability &amp; statistics /</subfield>
    <subfield code="c">by Vijay K. Rohatgi [and] A.K. Md. Ehsanes Saleh</subfield>
  </datafield>
  <datafield tag="250" ind1=" " ind2=" ">
    <subfield code="a">2nd ed</subfield>
  </datafield>
  <datafield tag="260" ind1=" " ind2=" ">
    <subfield code="c">2014(repr.)</subfield>
    <subfield code="a">New Delhi</subfield>
    <subfield code="b">John Wiley </subfield>
  </datafield>
  <datafield tag="270" ind1=" " ind2=" ">
    <subfield code="a">4435-36/7, Ansari Road, Daryaganj</subfield>
    <subfield code="b">New Delhi</subfield>
    <subfield code="e">110002</subfield>
  </datafield>
  <datafield tag="300" ind1=" " ind2=" ">
    <subfield code="c">24m(pbk)</subfield>
    <subfield code="a">xv,716p.:</subfield>
    <subfield code="b">ill.</subfield>
  </datafield>
  <datafield tag="490" ind1=" " ind2=" ">
    <subfield code="a">Wiley series in probability and statistics</subfield>
  </datafield>
  <datafield tag="500" ind1=" " ind2=" ">
    <subfield code="a">Includes index</subfield>
  </datafield>
  <datafield tag="650" ind1=" " ind2=" ">
    <subfield code="a">Probabilities.</subfield>
  </datafield>
  <datafield tag="650" ind1=" " ind2=" ">
    <subfield code="a">Mathematical statistics.</subfield>
  </datafield>
  <datafield tag="700" ind1=" " ind2=" ">
    <subfield code="a">Saleh, A.K.Md. Ehsanes</subfield>
  </datafield>
  <datafield tag="942" ind1=" " ind2=" ">
    <subfield code="c">EN</subfield>
    <subfield code="2">ddc</subfield>
    <subfield code="m">ROH</subfield>
    <subfield code="h">519.2</subfield>
  </datafield>
  <datafield tag="999" ind1=" " ind2=" ">
    <subfield code="c">88027</subfield>
    <subfield code="d">88027</subfield>
  </datafield>
  <datafield tag="952" ind1=" " ind2=" ">
    <subfield code="0">0</subfield>
    <subfield code="1">0</subfield>
    <subfield code="4">0</subfield>
    <subfield code="7">1</subfield>
    <subfield code="8">NFIC</subfield>
    <subfield code="a">DBAD</subfield>
    <subfield code="b">DBAD</subfield>
    <subfield code="d">2015-01-22</subfield>
    <subfield code="e">DBAD/PUB</subfield>
    <subfield code="g">639.00</subfield>
    <subfield code="l">0</subfield>
    <subfield code="o">519.2 ROH</subfield>
    <subfield code="p">EN-95354</subfield>
    <subfield code="r">2015-01-22 00:00:00</subfield>
    <subfield code="t">1</subfield>
    <subfield code="v">639.00</subfield>
    <subfield code="y">EN</subfield>
  </datafield>
  <datafield tag="952" ind1=" " ind2=" ">
    <subfield code="0">0</subfield>
    <subfield code="1">0</subfield>
    <subfield code="4">0</subfield>
    <subfield code="7">0</subfield>
    <subfield code="8">NFIC</subfield>
    <subfield code="a">L</subfield>
    <subfield code="b">L</subfield>
    <subfield code="d">2015-03-05</subfield>
    <subfield code="e">ABC/IN4453/13.12.2014/168/08.12.2014/30.12.2014</subfield>
    <subfield code="g">639.00</subfield>
    <subfield code="l">16</subfield>
    <subfield code="m">5</subfield>
    <subfield code="o">519.2 ROH</subfield>
    <subfield code="p">B-584218</subfield>
    <subfield code="q">2026-05-01</subfield>
    <subfield code="r">2026-04-17 17:07:05</subfield>
    <subfield code="s">2026-04-17</subfield>
    <subfield code="t">1</subfield>
    <subfield code="v">639.00</subfield>
    <subfield code="w">2015-03-05</subfield>
    <subfield code="y">EN</subfield>
  </datafield>
  <datafield tag="952" ind1=" " ind2=" ">
    <subfield code="0">0</subfield>
    <subfield code="1">0</subfield>
    <subfield code="4">0</subfield>
    <subfield code="7">1</subfield>
    <subfield code="8">REF</subfield>
    <subfield code="a">L</subfield>
    <subfield code="b">L</subfield>
    <subfield code="d">2015-03-05</subfield>
    <subfield code="e">ABC/IN4453/13.12.2014/168/08.12.2014/30.12.2014</subfield>
    <subfield code="g">639.00</subfield>
    <subfield code="l">0</subfield>
    <subfield code="o">519.2 ROH</subfield>
    <subfield code="p">B-584219</subfield>
    <subfield code="r">2015-03-05 00:00:00</subfield>
    <subfield code="t">1</subfield>
    <subfield code="v">639.00</subfield>
    <subfield code="y">EN</subfield>
  </datafield>
  <datafield tag="952" ind1=" " ind2=" ">
    <subfield code="0">0</subfield>
    <subfield code="1">0</subfield>
    <subfield code="4">0</subfield>
    <subfield code="7">0</subfield>
    <subfield code="8">NFIC</subfield>
    <subfield code="a">M</subfield>
    <subfield code="b">M</subfield>
    <subfield code="d">2015-03-05</subfield>
    <subfield code="e">ABC/IN4453/13.12.2014/168/08.12.2014/30.12.2014</subfield>
    <subfield code="g">639.00</subfield>
    <subfield code="l">0</subfield>
    <subfield code="o">519.2 ROH</subfield>
    <subfield code="p">B-584220</subfield>
    <subfield code="r">2015-03-05 00:00:00</subfield>
    <subfield code="t">1</subfield>
    <subfield code="v">639.00</subfield>
    <subfield code="y">EN</subfield>
  </datafield>
  <datafield tag="952" ind1=" " ind2=" ">
    <subfield code="0">0</subfield>
    <subfield code="1">0</subfield>
    <subfield code="4">0</subfield>
    <subfield code="7">0</subfield>
    <subfield code="8">NFIC</subfield>
    <subfield code="a">NPL</subfield>
    <subfield code="b">NPL</subfield>
    <subfield code="d">2015-03-05</subfield>
    <subfield code="e">ABC/IN4453/13.12.2014/168/08.12.2014/30.12.2014</subfield>
    <subfield code="g">639.00</subfield>
    <subfield code="l">0</subfield>
    <subfield code="o">519.2 ROH</subfield>
    <subfield code="p">B-584221</subfield>
    <subfield code="r">2015-03-05 00:00:00</subfield>
    <subfield code="t">1</subfield>
    <subfield code="v">639.00</subfield>
    <subfield code="y">EN</subfield>
  </datafield>
  <datafield tag="952" ind1=" " ind2=" ">
    <subfield code="0">0</subfield>
    <subfield code="1">0</subfield>
    <subfield code="4">0</subfield>
    <subfield code="7">0</subfield>
    <subfield code="8">NFIC</subfield>
    <subfield code="a">BL1</subfield>
    <subfield code="b">BL1</subfield>
    <subfield code="d">2015-03-05</subfield>
    <subfield code="e">ABC/IN4453/13.12.2014/168/08.12.2014/30.12.2014</subfield>
    <subfield code="g">639.00</subfield>
    <subfield code="l">1</subfield>
    <subfield code="o">519.2 ROH</subfield>
    <subfield code="p">B-584222</subfield>
    <subfield code="r">2022-01-20 00:00:00</subfield>
    <subfield code="s">2022-01-10</subfield>
    <subfield code="t">1</subfield>
    <subfield code="v">639.00</subfield>
    <subfield code="y">EN</subfield>
  </datafield>
  <datafield tag="952" ind1=" " ind2=" ">
    <subfield code="0">0</subfield>
    <subfield code="1">0</subfield>
    <subfield code="4">0</subfield>
    <subfield code="7">0</subfield>
    <subfield code="8">NFIC</subfield>
    <subfield code="a">KGM</subfield>
    <subfield code="b">KGM</subfield>
    <subfield code="d">2015-03-05</subfield>
    <subfield code="e">ABC/IN4453/13.12.2014/168/08.12.2014/30.12.2014</subfield>
    <subfield code="g">639.00</subfield>
    <subfield code="l">2</subfield>
    <subfield code="m">1</subfield>
    <subfield code="o">519.2 ROH</subfield>
    <subfield code="p">B-584223</subfield>
    <subfield code="r">2025-02-17 00:00:00</subfield>
    <subfield code="s">2025-01-22</subfield>
    <subfield code="t">1</subfield>
    <subfield code="v">639.00</subfield>
    <subfield code="y">EN</subfield>
  </datafield>
  <datafield tag="952" ind1=" " ind2=" ">
    <subfield code="0">0</subfield>
    <subfield code="1">0</subfield>
    <subfield code="4">0</subfield>
    <subfield code="7">0</subfield>
    <subfield code="8">NFIC</subfield>
    <subfield code="a">PR</subfield>
    <subfield code="b">PR</subfield>
    <subfield code="d">2015-03-05</subfield>
    <subfield code="e">ABC/IN4453/13.12.2014/168/08.12.2014/30.12.2014</subfield>
    <subfield code="g">639.00</subfield>
    <subfield code="l">0</subfield>
    <subfield code="o">519.2 ROH</subfield>
    <subfield code="p">B-584224</subfield>
    <subfield code="r">2015-03-05 00:00:00</subfield>
    <subfield code="t">1</subfield>
    <subfield code="v">639.00</subfield>
    <subfield code="y">EN</subfield>
  </datafield>
  <datafield tag="952" ind1=" " ind2=" ">
    <subfield code="0">0</subfield>
    <subfield code="1">0</subfield>
    <subfield code="4">0</subfield>
    <subfield code="7">0</subfield>
    <subfield code="8">NFIC</subfield>
    <subfield code="a">TN</subfield>
    <subfield code="b">TN</subfield>
    <subfield code="d">2015-03-05</subfield>
    <subfield code="e">ABC/IN4453/13.12.2014/168/08.12.2014/30.12.2014</subfield>
    <subfield code="g">639.00</subfield>
    <subfield code="l">2</subfield>
    <subfield code="m">1</subfield>
    <subfield code="o">519.2 ROH</subfield>
    <subfield code="p">B-584225</subfield>
    <subfield code="r">2024-04-06 00:00:00</subfield>
    <subfield code="s">2024-03-23</subfield>
    <subfield code="t">1</subfield>
    <subfield code="v">639.00</subfield>
    <subfield code="y">EN</subfield>
  </datafield>
  <datafield tag="952" ind1=" " ind2=" ">
    <subfield code="0">0</subfield>
    <subfield code="1">0</subfield>
    <subfield code="4">0</subfield>
    <subfield code="7">0</subfield>
    <subfield code="8">NFIC</subfield>
    <subfield code="a">CJ</subfield>
    <subfield code="b">CJ</subfield>
    <subfield code="d">2015-03-05</subfield>
    <subfield code="e">ABC/IN4453/13.12.2014/168/08.12.2014/30.12.2014</subfield>
    <subfield code="g">639.00</subfield>
    <subfield code="l">0</subfield>
    <subfield code="o">519.2 ROH</subfield>
    <subfield code="p">B-584226</subfield>
    <subfield code="r">2015-03-05 00:00:00</subfield>
    <subfield code="t">1</subfield>
    <subfield code="v">639.00</subfield>
    <subfield code="y">EN</subfield>
  </datafield>
  <datafield tag="952" ind1=" " ind2=" ">
    <subfield code="0">0</subfield>
    <subfield code="1">0</subfield>
    <subfield code="4">0</subfield>
    <subfield code="7">0</subfield>
    <subfield code="8">NFIC</subfield>
    <subfield code="a">DIZ</subfield>
    <subfield code="b">DIZ</subfield>
    <subfield code="d">2015-03-05</subfield>
    <subfield code="e">ABC/IN4453/13.12.2014/168/08.12.2014/30.12.2014</subfield>
    <subfield code="g">639.00</subfield>
    <subfield code="l">0</subfield>
    <subfield code="o">519.2 ROH</subfield>
    <subfield code="p">B-584227</subfield>
    <subfield code="r">2015-03-05 00:00:00</subfield>
    <subfield code="t">1</subfield>
    <subfield code="v">639.00</subfield>
    <subfield code="y">EN</subfield>
  </datafield>
  <datafield tag="952" ind1=" " ind2=" ">
    <subfield code="0">0</subfield>
    <subfield code="1">0</subfield>
    <subfield code="4">0</subfield>
    <subfield code="7">0</subfield>
    <subfield code="8">NFIC</subfield>
    <subfield code="a">JP</subfield>
    <subfield code="b">JP</subfield>
    <subfield code="d">2015-03-05</subfield>
    <subfield code="e">ABC/IN4453/13.12.2014/168/08.12.2014/30.12.2014</subfield>
    <subfield code="g">639.00</subfield>
    <subfield code="l">14</subfield>
    <subfield code="m">3</subfield>
    <subfield code="o">519.2 ROH</subfield>
    <subfield code="p">B-584228</subfield>
    <subfield code="r">2025-10-23 00:00:00</subfield>
    <subfield code="s">2025-10-09</subfield>
    <subfield code="t">1</subfield>
    <subfield code="v">639.00</subfield>
    <subfield code="y">EN</subfield>
  </datafield>
  <datafield tag="952" ind1=" " ind2=" ">
    <subfield code="0">0</subfield>
    <subfield code="1">0</subfield>
    <subfield code="4">0</subfield>
    <subfield code="7">0</subfield>
    <subfield code="8">NFIC</subfield>
    <subfield code="a">ZLS</subfield>
    <subfield code="b">ZLS</subfield>
    <subfield code="d">2015-03-05</subfield>
    <subfield code="e">ABC/IN4453/13.12.2014/168/08.12.2014/30.12.2014</subfield>
    <subfield code="g">639.00</subfield>
    <subfield code="l">1</subfield>
    <subfield code="m">1</subfield>
    <subfield code="o">519.2 ROH</subfield>
    <subfield code="p">B-584229</subfield>
    <subfield code="r">2019-07-15 00:00:00</subfield>
    <subfield code="s">2019-06-24</subfield>
    <subfield code="t">1</subfield>
    <subfield code="v">639.00</subfield>
    <subfield code="y">EN</subfield>
  </datafield>
  <datafield tag="952" ind1=" " ind2=" ">
    <subfield code="0">0</subfield>
    <subfield code="1">0</subfield>
    <subfield code="4">0</subfield>
    <subfield code="7">0</subfield>
    <subfield code="8">NFIC</subfield>
    <subfield code="a">AG</subfield>
    <subfield code="b">AG</subfield>
    <subfield code="d">2015-03-05</subfield>
    <subfield code="e">ABC/IN4453/13.12.2014/168/08.12.2014/30.12.2014</subfield>
    <subfield code="g">639.00</subfield>
    <subfield code="l">0</subfield>
    <subfield code="o">519.2 ROH</subfield>
    <subfield code="p">B-584230</subfield>
    <subfield code="r">2015-03-05 00:00:00</subfield>
    <subfield code="t">1</subfield>
    <subfield code="v">639.00</subfield>
    <subfield code="y">EN</subfield>
  </datafield>
  <datafield tag="952" ind1=" " ind2=" ">
    <subfield code="0">0</subfield>
    <subfield code="1">0</subfield>
    <subfield code="4">0</subfield>
    <subfield code="7">0</subfield>
    <subfield code="8">NFIC</subfield>
    <subfield code="a">ZLS</subfield>
    <subfield code="b">ZLS</subfield>
    <subfield code="d">2015-03-05</subfield>
    <subfield code="e">ABC/IN4453/13.12.2014/168/08.12.2014/30.12.2014</subfield>
    <subfield code="g">639.00</subfield>
    <subfield code="l">2</subfield>
    <subfield code="m">1</subfield>
    <subfield code="o">519.2 ROH</subfield>
    <subfield code="p">B-584231</subfield>
    <subfield code="r">2020-03-16 00:00:00</subfield>
    <subfield code="s">2020-02-17</subfield>
    <subfield code="t">1</subfield>
    <subfield code="v">639.00</subfield>
    <subfield code="y">EN</subfield>
  </datafield>
  <datafield tag="952" ind1=" " ind2=" ">
    <subfield code="0">0</subfield>
    <subfield code="1">0</subfield>
    <subfield code="4">0</subfield>
    <subfield code="7">0</subfield>
    <subfield code="8">NFIC</subfield>
    <subfield code="a">QRP</subfield>
    <subfield code="b">QRP</subfield>
    <subfield code="d">2015-03-05</subfield>
    <subfield code="e">ABC/IN4453/13.12.2014/168/08.12.2014/30.12.2014</subfield>
    <subfield code="g">639.00</subfield>
    <subfield code="l">0</subfield>
    <subfield code="o">519.2 ROH</subfield>
    <subfield code="p">B-584232</subfield>
    <subfield code="r">2015-03-05 00:00:00</subfield>
    <subfield code="t">1</subfield>
    <subfield code="v">639.00</subfield>
    <subfield code="y">EN</subfield>
  </datafield>
  <datafield tag="952" ind1=" " ind2=" ">
    <subfield code="0">0</subfield>
    <subfield code="1">0</subfield>
    <subfield code="4">0</subfield>
    <subfield code="7">0</subfield>
    <subfield code="8">NFIC</subfield>
    <subfield code="a">VP</subfield>
    <subfield code="b">VP</subfield>
    <subfield code="d">2015-03-05</subfield>
    <subfield code="e">ABC/IN4453/13.12.2014/168/08.12.2014/30.12.2014</subfield>
    <subfield code="g">639.00</subfield>
    <subfield code="l">6</subfield>
    <subfield code="m">1</subfield>
    <subfield code="o">519.2 ROH</subfield>
    <subfield code="p">B-584233</subfield>
    <subfield code="r">2021-09-17 00:00:00</subfield>
    <subfield code="s">2021-09-04</subfield>
    <subfield code="t">1</subfield>
    <subfield code="v">639.00</subfield>
    <subfield code="y">EN</subfield>
  </datafield>
  <datafield tag="952" ind1=" " ind2=" ">
    <subfield code="0">0</subfield>
    <subfield code="1">0</subfield>
    <subfield code="4">0</subfield>
    <subfield code="7">0</subfield>
    <subfield code="8">NFIC</subfield>
    <subfield code="a">BN</subfield>
    <subfield code="b">BN</subfield>
    <subfield code="d">2015-03-05</subfield>
    <subfield code="e">ABC/IN4453/13.12.2014/168/08.12.2014/30.12.2014</subfield>
    <subfield code="g">639.00</subfield>
    <subfield code="l">1</subfield>
    <subfield code="o">519.2 ROH</subfield>
    <subfield code="p">B-584234</subfield>
    <subfield code="r">2021-02-24 00:00:00</subfield>
    <subfield code="s">2021-02-22</subfield>
    <subfield code="t">1</subfield>
    <subfield code="v">639.00</subfield>
    <subfield code="y">EN</subfield>
  </datafield>
  <datafield tag="952" ind1=" " ind2=" ">
    <subfield code="0">0</subfield>
    <subfield code="1">0</subfield>
    <subfield code="4">0</subfield>
    <subfield code="7">0</subfield>
    <subfield code="8">NFIC</subfield>
    <subfield code="a">NRR</subfield>
    <subfield code="b">NRR</subfield>
    <subfield code="d">2015-03-05</subfield>
    <subfield code="e">ABC/IN4453/13.12.2014/168/08.12.2014/30.12.2014</subfield>
    <subfield code="g">639.00</subfield>
    <subfield code="l">0</subfield>
    <subfield code="o">519.2 ROH</subfield>
    <subfield code="p">B-584235</subfield>
    <subfield code="r">2015-03-05 00:00:00</subfield>
    <subfield code="t">1</subfield>
    <subfield code="v">639.00</subfield>
    <subfield code="y">EN</subfield>
  </datafield>
  <datafield tag="952" ind1=" " ind2=" ">
    <subfield code="0">0</subfield>
    <subfield code="1">0</subfield>
    <subfield code="4">0</subfield>
    <subfield code="7">0</subfield>
    <subfield code="8">NFIC</subfield>
    <subfield code="a">BKK</subfield>
    <subfield code="b">BKK</subfield>
    <subfield code="d">2015-03-05</subfield>
    <subfield code="e">ABC/IN4453/13.12.2014/168/08.12.2014/30.12.2014</subfield>
    <subfield code="g">639.00</subfield>
    <subfield code="l">2</subfield>
    <subfield code="m">3</subfield>
    <subfield code="o">519.2 ROH</subfield>
    <subfield code="p">B-584236</subfield>
    <subfield code="r">2020-10-12 00:00:00</subfield>
    <subfield code="s">2020-09-14</subfield>
    <subfield code="t">1</subfield>
    <subfield code="v">639.00</subfield>
    <subfield code="y">EN</subfield>
  </datafield>
  <datafield tag="952" ind1=" " ind2=" ">
    <subfield code="0">0</subfield>
    <subfield code="1">0</subfield>
    <subfield code="4">0</subfield>
    <subfield code="7">0</subfield>
    <subfield code="8">NFIC</subfield>
    <subfield code="a">NR</subfield>
    <subfield code="b">NR</subfield>
    <subfield code="d">2015-03-05</subfield>
    <subfield code="e">ABC/IN4453/13.12.2014/168/08.12.2014/30.12.2014</subfield>
    <subfield code="g">639.00</subfield>
    <subfield code="l">0</subfield>
    <subfield code="o">519.2 ROH</subfield>
    <subfield code="p">B-584237</subfield>
    <subfield code="r">2015-03-05 00:00:00</subfield>
    <subfield code="t">1</subfield>
    <subfield code="v">639.00</subfield>
    <subfield code="y">EN</subfield>
  </datafield>
  <datafield tag="952" ind1=" " ind2=" ">
    <subfield code="0">0</subfield>
    <subfield code="1">0</subfield>
    <subfield code="4">0</subfield>
    <subfield code="7">0</subfield>
    <subfield code="8">NFIC</subfield>
    <subfield code="a">BN</subfield>
    <subfield code="b">BN</subfield>
    <subfield code="d">2015-03-05</subfield>
    <subfield code="e">ABC/IN4453/13.12.2014/168/08.12.2014/30.12.2014</subfield>
    <subfield code="g">639.00</subfield>
    <subfield code="l">0</subfield>
    <subfield code="o">519.2 ROH</subfield>
    <subfield code="p">B-584238</subfield>
    <subfield code="r">2015-03-05 00:00:00</subfield>
    <subfield code="t">1</subfield>
    <subfield code="v">639.00</subfield>
    <subfield code="y">EN</subfield>
  </datafield>
  <datafield tag="952" ind1=" " ind2=" ">
    <subfield code="0">0</subfield>
    <subfield code="1">0</subfield>
    <subfield code="4">0</subfield>
    <subfield code="7">0</subfield>
    <subfield code="8">NFIC</subfield>
    <subfield code="a">KV</subfield>
    <subfield code="b">KV</subfield>
    <subfield code="d">2015-03-05</subfield>
    <subfield code="e">ABC/IN4453/13.12.2014/168/08.12.2014/30.12.2014</subfield>
    <subfield code="g">639.00</subfield>
    <subfield code="l">0</subfield>
    <subfield code="o">519.2 ROH</subfield>
    <subfield code="p">B-584239</subfield>
    <subfield code="r">2015-03-05 00:00:00</subfield>
    <subfield code="t">1</subfield>
    <subfield code="v">639.00</subfield>
    <subfield code="y">EN</subfield>
  </datafield>
  <datafield tag="952" ind1=" " ind2=" ">
    <subfield code="0">0</subfield>
    <subfield code="1">0</subfield>
    <subfield code="4">0</subfield>
    <subfield code="7">0</subfield>
    <subfield code="8">NFIC</subfield>
    <subfield code="a">MV</subfield>
    <subfield code="b">MV</subfield>
    <subfield code="d">2015-03-05</subfield>
    <subfield code="e">ABC/IN4453/13.12.2014/168/08.12.2014/30.12.2014</subfield>
    <subfield code="g">639.00</subfield>
    <subfield code="l">0</subfield>
    <subfield code="o">519.2 ROH</subfield>
    <subfield code="p">B-584240</subfield>
    <subfield code="r">2015-03-05 00:00:00</subfield>
    <subfield code="t">1</subfield>
    <subfield code="v">639.00</subfield>
    <subfield code="y">EN</subfield>
  </datafield>
  <datafield tag="952" ind1=" " ind2=" ">
    <subfield code="0">0</subfield>
    <subfield code="1">0</subfield>
    <subfield code="4">0</subfield>
    <subfield code="7">0</subfield>
    <subfield code="8">NFIC</subfield>
    <subfield code="a">MP</subfield>
    <subfield code="b">MP</subfield>
    <subfield code="d">2015-03-05</subfield>
    <subfield code="e">ABC/IN4453/13.12.2014/168/08.12.2014/30.12.2014</subfield>
    <subfield code="g">639.00</subfield>
    <subfield code="l">0</subfield>
    <subfield code="o">519.2 ROH</subfield>
    <subfield code="p">B-584241</subfield>
    <subfield code="r">2015-03-05 00:00:00</subfield>
    <subfield code="t">1</subfield>
    <subfield code="v">639.00</subfield>
    <subfield code="y">EN</subfield>
  </datafield>
  <datafield tag="952" ind1=" " ind2=" ">
    <subfield code="0">0</subfield>
    <subfield code="1">0</subfield>
    <subfield code="4">0</subfield>
    <subfield code="7">0</subfield>
    <subfield code="8">NFIC</subfield>
    <subfield code="a">BL4</subfield>
    <subfield code="b">BL4</subfield>
    <subfield code="d">2015-03-05</subfield>
    <subfield code="e">ABC/IN4453/13.12.2014/168/08.12.2014/30.12.2014</subfield>
    <subfield code="g">639.00</subfield>
    <subfield code="l">33</subfield>
    <subfield code="m">4</subfield>
    <subfield code="o">519.2 ROH</subfield>
    <subfield code="p">B-584242</subfield>
    <subfield code="r">2025-04-11 00:00:00</subfield>
    <subfield code="s">2025-02-28</subfield>
    <subfield code="t">1</subfield>
    <subfield code="v">639.00</subfield>
    <subfield code="y">EN</subfield>
  </datafield>
  <datafield tag="952" ind1=" " ind2=" ">
    <subfield code="0">0</subfield>
    <subfield code="1">0</subfield>
    <subfield code="4">0</subfield>
    <subfield code="7">0</subfield>
    <subfield code="8">NFIC</subfield>
    <subfield code="a">YV</subfield>
    <subfield code="b">YV</subfield>
    <subfield code="d">2015-03-05</subfield>
    <subfield code="e">ABC/IN4453/13.12.2014/168/08.12.2014/30.12.2014</subfield>
    <subfield code="g">639.00</subfield>
    <subfield code="l">5</subfield>
    <subfield code="m">2</subfield>
    <subfield code="o">519.2 ROH</subfield>
    <subfield code="p">B-584243</subfield>
    <subfield code="r">2024-02-26 00:00:00</subfield>
    <subfield code="s">2024-02-20</subfield>
    <subfield code="t">1</subfield>
    <subfield code="v">639.00</subfield>
    <subfield code="y">EN</subfield>
  </datafield>
  <datafield tag="952" ind1=" " ind2=" ">
    <subfield code="0">0</subfield>
    <subfield code="1">0</subfield>
    <subfield code="4">0</subfield>
    <subfield code="7">0</subfield>
    <subfield code="8">NFIC</subfield>
    <subfield code="a">AV</subfield>
    <subfield code="b">AV</subfield>
    <subfield code="d">2017-06-06</subfield>
    <subfield code="e">BPPD/EN/2014-15/AV/16-17/413/15.2.2017/5057/28.2.2017/ 24.3.2017</subfield>
    <subfield code="g">719.00</subfield>
    <subfield code="l">2</subfield>
    <subfield code="o">519.2 ROH</subfield>
    <subfield code="p">B-669642</subfield>
    <subfield code="r">2021-06-14 00:00:00</subfield>
    <subfield code="s">2021-04-12</subfield>
    <subfield code="t">1</subfield>
    <subfield code="v">719.00</subfield>
    <subfield code="w">2017-06-06</subfield>
    <subfield code="y">EN</subfield>
  </datafield>
</record>
